Vývoj obyvatelstva České republiky v roce 2004
Prehľad základných ukazovateľov demografického vývoja Českej republiky. Pohyb obyvateľstva. Zloženie obyvateľstva podľa veku a rodinného stavu. Sobášnosť a rozvodovosť. Pôrodnosť a potratovosť. Zahraničná a vnútorná migrácia.
Salvato in:
| Autore principale: | |
|---|---|
| Natura: | Capitolo di libro |
| Lingua: | ceco |
| Soggetti: | |
| Tags: |
Nessun Tag, puoi essere il primo ad aggiungerne!!
|
MARC
| LEADER | 00000naa$a2200000$$$4500 | ||
|---|---|---|---|
| 001 | 0034308 | ||
| 005 | 20220715114609.6 | ||
| 041 | 0 | |a cze | |
| 044 | |a CZ | ||
| 245 | 1 | 0 | |a Vývoj obyvatelstva České republiky v roce 2004 |c Terezie Kretschmerová |
| 520 | |a Prehľad základných ukazovateľov demografického vývoja Českej republiky. Pohyb obyvateľstva. Zloženie obyvateľstva podľa veku a rodinného stavu. Sobášnosť a rozvodovosť. Pôrodnosť a potratovosť. Zahraničná a vnútorná migrácia. | ||
| 610 | 2 | 0 | |a demografia |
| 610 | 2 | 0 | |a Česko |
| 610 | 2 | 0 | |a migrácia |
| 610 | 2 | 0 | |a pohyb obyvateľstva |
| 610 | 2 | 0 | |a pôrodnosť |
| 610 | 2 | 0 | |a vývoj populačný |
| 610 | 2 | 0 | |a úmrtnosť |
| 100 | 1 | |a Kretschmerová, Terezie | |